[Event "4NCL/Div4/CONQ2 vs. GUI5"]
[Site "Wokefield Park ENG"]
[Date "2007.11.24"]
[Round "3.4"]
[White "Gunn, Michael J"]
[Black "Winchcombe, Andrew"]
[Result "0-1"]
[WhiteElo "1835"]
[BlackElo "1812"]
[PlyCount "98"]
[EventDate "2007.11.24"]
[EventType "team"]
[EventRounds "11"]
[EventCountry "ENG"]
[SourceDate "2007.09.15"]

1. c4 Nf6 2. g3 g6 3. Bg2 Bg7 4. Nc3 O-O 5. e4 e5 6. Nge2 c5 7. O-O Nc6 8. d3
d6 9. f4 exf4 10. Nxf4 Nd4 11. h3 a6 12. Rb1 Rb8 13. Nce2 Nxe2+ 14. Qxe2 b5 15.
b3 Re8 16. Qc2 Bb7 17. Bb2 Nd7 18. Bxg7 Kxg7 19. Nd5 Bxd5 20. cxd5 Ne5 21. Qd2
Qb6 22. Kh2 a5 23. Rf2 Qa7 24. Rbf1 a4 25. Rf6 Rbd8 26. Qd1 Re7 27. h4 axb3 28.
axb3 h5 29. Bh3 Qb6 30. g4 hxg4 31. Bxg4 Ra7 32. R1f2 Rh8 33. Kg3 c4 34. d4 Nd3
35. Rf1 Qxd4 36. Qf3 Ne5 37. Qf2 Qxf2+ 38. R1xf2 cxb3 39. Rxd6 b2 40. Rxb2 Nc4
41. Rd7 Ra3+ 42. Kf4 Nxb2 43. Be2 Nd3+ 44. Bxd3 Rxd3 45. Rb7 Rxh4+ 46. Ke5 Re3
47. Rxb5 Rhxe4+ 48. Kd6 Rd3 49. Ra5 Red4 0-1

[Event "4NCL/Div4/CONQ2 vs. GUI5"]
[Site "Wokefield Park ENG"]
[Date "2007.11.24"]
[Round "3.5"]
[White "Ynojosa, Angelica M"]
[Black "Quinn, Joseph"]
[Result "0-1"]
[WhiteElo "1880"]
[BlackElo "1758"]
[PlyCount "170"]
[EventDate "2007.11.24"]
[EventType "team"]
[EventRounds "11"]
[EventCountry "ENG"]
[SourceDate "2007.09.15"]

1. e4 e5 2. Nf3 Nc6 3. Bb5 a6 4. Ba4 Nf6 5. O-O Be7 6. d3 b5 7. Bb3 O-O 8. c3
d5 9. exd5 Nxd5 10. Re1 f6 11. c4 bxc4 12. dxc4 Ndb4 13. a3 Nd3 14. Re2 Nxc1
15. Qxc1 Bc5 16. h3 Qd3 17. Qd1 Qxd1+ 18. Bxd1 Nd4 19. Re1 a5 20. Nbd2 Bb7 21.
Rc1 Rad8 22. Rb1 Nxf3+ 23. Nxf3 Bxf3 24. Bxf3 Rd2 25. Rf1 Rb8 26. Bd5+ Kf8 27.
a4 Rbxb2 28. Rxb2 Rxb2 29. Bc6 g5 30. g4 Ke7 31. Kg2 h6 32. Bb5 e4 33. Kg1 Ke6
34. Bc6 Ke5 35. Bd5 Kf4 36. Bc6 Kf3 37. Bd5 Rxf2 38. Rxf2+ Bxf2+ 39. Kf1 Bc5
40. Ke1 Kf4 41. Bc6 e3 42. Bg2 Ke5 43. Ke2 Kd4 44. Bd5 Kc3 45. Bc6 Kxc4 46.
Bb5+ Kc3 47. Bc6 Kd4 48. Bb7 Ke5 49. Kf3 Bd4 50. Bc6 Kd6 51. Bb5 c5 52. Bc4 Ke5
53. Bb3 e2 54. Kxe2 Kf4 55. Be6 Kg3 56. Bc4 Kxh3 57. Kf3 Kh2 58. Bd3 Kh3 59.
Be4 c4 60. Bf5 Kh2 61. Be4 Kg1 62. Ke2 c3 63. Kd3 Be5 64. Ke2 Bf4 65. Kd3 Kf2
66. Kxc3 Kg3 67. Bf5 Kh4 68. Kd3 h5 69. gxh5 Kxh5 70. Ke2 g4 71. Kf2 Kg5 72.
Bd3 Be5 73. Kg2 Kf4 74. Be2 f5 75. Bd3 Kg5 76. Kf2 f4 77. Bf1 Bd4+ 78. Kg2 f3+
79. Kg3 Be5+ 80. Kf2 Kf4 81. Kg1 g3 82. Bh3 Ke4 83. Kf1 Kd4 84. Bg4 Ke4 85. Kg1
Bd4+ 0-1

[Event "4NCL/Div4/CONQ2 vs. GUI5"]
[Site "Wokefield Park ENG"]
[Date "2007.11.24"]
[Round "3.6"]
[White "Kokossis, Danae"]
[Black "Paul, Barnaby"]
[Result "1-0"]
[WhiteElo "1750"]
[BlackElo "1670"]
[PlyCount "73"]
[EventDate "2007.11.24"]
[EventType "team"]
[EventRounds "11"]
[EventCountry "ENG"]
[SourceDate "2007.09.15"]

1. e4 e5 2. Nf3 Nc6 3. Bc4 Bc5 4. c3 Nf6 5. d4 exd4 6. cxd4 Bb4+ 7. Bd2 Bxd2+
8. Nbxd2 d5 9. exd5 Nxd5 10. Qb3 Nce7 11. O-O O-O 12. Rfe1 c6 13. Ne4 Rb8 14.
Nc5 b6 15. Rac1 Ra8 16. Ne4 Bg4 17. Ne5 Bd7 18. Nc3 Be8 19. Nxd5 cxd5 20. Ba6
f6 21. Nf3 Bf7 22. Rc3 Re8 23. Rec1 Qd7 24. Bb5 Qe6 25. Bxe8 Rxe8 26. Rc7 a6
27. Qa3 a5 28. Re1 Qf5 29. Rcxe7 Rc8 30. Qe3 h6 31. Nh4 Qc2 32. Qe2 Qxe2 33.
R7xe2 Kh7 34. b3 Bh5 35. Re7 Kg8 36. Nf5 Bf7 37. Nd6 1-0

[Event "4NCL/Div4/WOB vs. AMCAH"]
[Site "Wokefield Park ENG"]
[Date "2007.11.24"]
[Round "3.1"]
[White "Harley-Yeo, Gareth"]
[Black "Tart, Peter K"]
[Result "0-1"]
[WhiteElo "2077"]
[BlackElo "2020"]
[PlyCount "54"]
[EventDate "2007.11.24"]
[EventType "team"]
[EventRounds "11"]
[EventCountry "ENG"]
[SourceDate "2007.09.15"]

1. d4 b6 2. c4 e6 3. e4 Bb7 4. f3 Bb4+ 5. Nd2 f5 6. exf5 Qh4+ 7. g3 Qxd4 8.
fxe6 Nf6 9. Qe2 O-O 10. Qd3 Qe5+ 11. Qe2 Bxd2+ 12. Kxd2 Qd6+ 13. Ke1 Nc6 14.
Be3 Qxe6 15. Bh3 Qd6 16. Rd1 Qb4+ 17. Kf2 Rae8 18. a3 Qb3 19. Qd3 Qxb2+ 20. Ne2
Ne5 21. Qd4 Ne4+ 22. Kf1 Rxf3+ 23. Ke1 Qxa3 24. Bxd7 Rxe3 25. Rf1 Qb4+ 26. Rd2
Nd3+ 27. Kd1 Qxd2# 0-1

[Event "4NCL/Div4/WOB vs. AMCAH"]
[Site "Wokefield Park ENG"]
[Date "2007.11.24"]
[Round "3.2"]
[White "Green, George D A"]
[Black "Healey, Michael"]
[Result "1-0"]
[WhiteElo "1965"]
[BlackElo "2010"]
[PlyCount "63"]
[EventDate "2007.11.24"]
[EventType "team"]
[EventRounds "11"]
[EventCountry "ENG"]
[SourceDate "2007.09.15"]

1. c4 e5 2. Nc3 Nf6 3. Nf3 Nc6 4. d4 e4 5. Ng5 Bb4 6. d5 Nb8 7. Qc2 Qe7 8. Bd2
Bxc3 9. Bxc3 e3 10. f4 d6 11. g3 h6 12. Nf3 O-O 13. Bg2 Ne4 14. Nd4 Nf2 15. Rf1
f5 16. b4 a5 17. bxa5 Na6 18. Nb3 g5 19. Bd4 gxf4 20. gxf4 Qh4 21. Bxe3 Nb4 22.
Qb1 Ne4+ 23. Bf2 Qe7 24. Bd4 c5 25. Bxe4 cxd4 26. Rg1+ Kh7 27. Bd3 Qh4+ 28. Kd1
Qxh2 29. Rf1 Qg2 30. Kd2 Bd7 31. Nxd4 Rae8 32. Qxb4 1-0

[Event "4NCL/Div4/WOB vs. AMCAH"]
[Site "Wokefield Park ENG"]
[Date "2007.11.24"]
[Round "3.3"]
[White "Davies, Matthew"]
[Black "Tunstall, George"]
[Result "1/2-1/2"]
[WhiteElo "1937"]
[BlackElo "1895"]
[PlyCount "65"]
[EventDate "2007.11.24"]
[EventType "team"]
[EventRounds "11"]
[EventCountry "ENG"]
[SourceDate "2007.09.15"]

1. d4 d5 2. c4 c6 3. Nf3 Nf6 4. Nc3 e6 5. e3 Nbd7 6. Qc2 Be7 7. Bd3 O-O 8. O-O
Re8 9. b3 Nf8 10. Bb2 Ng6 11. Rad1 Bd6 12. e4 dxe4 13. Nxe4 Nxe4 14. Bxe4 Qc7
15. Rfe1 Bd7 16. Ne5 f5 17. Bd3 Bxe5 18. dxe5 c5 19. Qc3 Bc6 20. Be2 Red8 {=}
21. Qe3 b6 22. Qg5 Rxd1 23. Rxd1 Nxe5 24. f4 Ng6 25. g3 Be8 26. Qh5 Nxf4 27.
Qf3 Nxe2+ 28. Qxe2 Qe7 29. Qe5 Rc8 30. Bc3 Rc6 31. Rd8 Kf8 32. Qb8 g6 33. Be5
1/2-1/2

[Event "4NCL/Div4/WOB vs. AMCAH"]
[Site "Wokefield Park ENG"]
[Date "2007.11.24"]
[Round "3.4"]
[White "Krishnan, Anand"]
[Black "Zhu, Yao Yao"]
[Result "1/2-1/2"]
[WhiteElo "1870"]
[BlackElo "1997"]
[PlyCount "52"]
[EventDate "2007.11.24"]
[EventType "team"]
[EventRounds "11"]
[EventCountry "ENG"]
[SourceDate "2007.09.15"]

1. c4 e5 2. Nc3 Nc6 3. g3 g6 4. Bg2 Bg7 5. e3 f5 6. Nge2 Nf6 7. O-O O-O 8. d4
e4 9. a3 d6 10. b4 Ne7 11. Bb2 g5 12. d5 Ng6 13. Nd4 Qe7 14. Qc2 Ne5 15. Nce2
Qf7 16. h3 Qh5 17. f4 exf3 18. Nxf3 Nxf3+ 19. Rxf3 g4 20. Nf4 Qh6 21. Rff1 Bd7
22. h4 Rae8 23. Rfe1 Nh5 24. Bxg7 Kxg7 25. Kf2 Re7 26. Re2 Rfe8 1/2-1/2

[Event "4NCL/Div4/WOB vs. AMCAH"]
[Site "Wokefield Park ENG"]
[Date "2007.11.24"]
[Round "3.5"]
[White "Parry, Matthew"]
[Black "Periasamymanjula, Mani"]
[Result "0-1"]
[WhiteElo "1855"]
[BlackElo "1636"]
[PlyCount "54"]
[EventDate "2007.11.24"]
[EventType "team"]
[EventRounds "11"]
[EventCountry "ENG"]
[SourceDate "2007.09.15"]

1. d4 d5 2. Nf3 Nf6 3. e3 e6 4. Bd3 Be7 5. Nbd2 O-O 6. O-O b6 7. e4 dxe4 8.
Nxe4 Bb7 9. Nxf6+ Bxf6 10. Ne5 Qd5 11. Qg4 Bxe5 12. dxe5 Qxe5 13. Re1 Qxe1+ 14.
Bf1 Qe4 15. Qg3 Nc6 16. Bd3 Qe1+ 17. Bf1 Qe5 18. Bf4 Qxb2 19. Re1 Qf6 20. Bg5
Qg6 21. Bd3 f5 22. Bc4 Rfe8 23. Qe3 h6 24. Bf4 Rad8 25. g3 Nd4 26. Bxc7 Nf3+
27. Kf1 Nxh2+ 0-1

[Event "4NCL/Div4/WOB vs. AMCAH"]
[Site "Wokefield Park ENG"]
[Date "2007.11.24"]
[Round "3.6"]
[White "Zhang, Roy"]
[Black "Jones, Jeremy J"]
[Result "1/2-1/2"]
[WhiteElo "1690"]
[BlackElo "1649"]
[PlyCount "49"]
[EventDate "2007.11.24"]
[EventType "team"]
[EventRounds "11"]
[EventCountry "ENG"]
[SourceDate "2007.09.15"]

1. d4 e6 2. Nf3 f5 3. Bg5 Nf6 4. g3 Be7 5. Bg2 O-O 6. O-O h6 7. Bxf6 Bxf6 8. e3
d5 9. Nbd2 Bd7 10. c4 c6 11. Qb3 Qc7 12. Rac1 Be8 13. Ne1 dxc4 14. Nxc4 Nd7 15.
Nd2 Bf7 16. d5 exd5 17. Bxd5 Nb6 18. Bxf7+ Qxf7 19. Qxf7+ Rxf7 20. Rc2 Rd8 21.
e4 Rfd7 22. Nef3 fxe4 23. Nxe4 Be7 24. Nc5 Bxc5 25. Rxc5 1/2-1/2

[Event "4NCL/Div4/repaired - friendly"]
[Site "Wokefield Park ENG"]
[Date "2007.11.24"]
[Round "3"]
[White "Barroso, Adele J"]
[Black "Cooke, Charlie"]
[Result "0-1"]
[WhiteElo "1580"]
[BlackElo "1845"]
[PlyCount "62"]
[EventDate "2007.11.24"]
[EventType "game"]
[EventCountry "ENG"]
[SourceDate "2007.09.15"]

1. e4 e5 2. Nf3 Nf6 3. Nc3 Nc6 4. Bb5 d6 5. O-O Bg4 6. d3 a6 7. Ba4 b5 8. Bb3
Nd4 9. Bg5 h6 10. Be3 Nxb3 11. axb3 Be7 12. h3 Bh5 13. Re1 O-O 14. d4 b4 15.
Nd5 exd4 16. Bxd4 c5 17. Bxf6 Bxf6 18. c3 a5 19. Qd3 g5 20. Nd2 Bg7 21. Nc4 Bg6
22. Qg3 Re8 23. Qxd6 Bxe4 24. Nc7 bxc3 25. Rxe4 Rxe4 26. Nxa8 Qxa8 27. bxc3
Bxc3 28. Ra2 Bd4 29. Qxh6 Re6 30. Rxa5 Qe4 31. Ra2 Rxh6 0-1